English together : Teacher's Guide 2

Bewaard in:
Bibliografische gegevens
Hoofdauteur: Diana Webster
Formaat: Boek
Taal:Undetermined
Gepubliceerd in: UK Longman 1991
Onderwerpen:
Tags: Voeg label toe
Geen labels, Wees de eerste die dit record labelt!
Thư viện lưu trữ: Trung tâm Học liệu Trường Đại học Cần Thơ
LEADER 00509nam a2200181Ia 4500
001 CTU_53247
008 210402s9999 xx 000 0 und d
082 |a 428.24 
082 |b W378t/T2 
100 |a Diana Webster 
245 0 |a English together : Teacher's Guide 2 
245 0 |c Diana Webster and Anne Worrall 
260 |a UK 
260 |b Longman 
260 |c 1991 
650 |a english language 
650 |x study and teaching ( elementary ) 
980 |a Trung tâm Học liệu Trường Đại học Cần Thơ